000 04502nam a22005055a 4500
005 20080321093848.0
008 080826t xxu||||| |||| 00| 0 eng d
010 _aB-277265-284
020 _a8131716015
_c225.00
035 _aB-277265-284
037 _a066/10.6.08
_bUBH
040 _aDPL
_bEnglish
082 _a373.73
100 _aJha, Madan Mohan
245 _aSchool without walls :
_binclusive education for all /
_cby Madan Mohan Jha
250 _a2nd ed.
260 _aDelhi
_bPearson Education
_c2008
300 _axxv, 220 p. ;
_c22cm (pbk)
500 _aIncludes bibliographical references and index
942 _2ddc
_cEN
_h373.73
_mJHA
999 _c15095
_d15095